[Event "Reunion op 08th"]
[Site "Etang Sale"]
[Date "2006.10.21"]
[Round "9"]
[White "Blard, Jerome"]
[Black "Collell, Philippe"]
[Result "1-0"]
[WhiteElo "1883"]
[BlackElo "1800"]
[PlyCount "97"]
[EventDate "2006.10.14"]
[EventType "swiss"]
[EventRounds "9"]
[EventCountry "FRA"]
[SourceTitle "EXT 2007"]
[Source "ChessBase"]
[SourceDate "2006.11.23"]
[SourceVersion "1"]
[SourceVersionDate "2006.11.23"]
[SourceQuality "1"]

1. e4 d5 2. exd5 Qxd5 3. Nc3 Qa5 4. d4 e5 5. Qe2 Nc6 6. d5 Nb4 7. a3 Bf5 8. Qb5+ Qxb5 9. Bxb5+ c6 10. axb4 cxb5 11. Nxb5 Rc8 12. c3 a6 13. Na3 Nf6 14. Ne2 Nxd5 15. f4 Bd6 16. 0-0 Bd3 17. Re1 0-0 18. fxe5 Bb8 19. Nf4 Nxf4 20. Bxf4 f6 21. Bg3 Ba7+ 22. Kh1 fxe5 23. Rxe5 Rf7 24. h3 Rcf8 25. Kh2 Bf2 26. Rd1 Bxg3+ 27. Kxg3 Bg6 28. Rd2 b5 29. Nc2 Bxc2 30. Rxc2 Rf5 31. Rce2 Rxe5 32. Rxe5 Rf6 33. Re4 Kf7 34. Rf4 Rxf4 35. Kxf4 Ke6 36. Ke4 g6 37. b3 Kd6 38. c4 Kc6 39. Ke5 Kd7 40. Kd5 Kc7 41. Kc5 bxc4 42. bxc4 Kb7 43. Kd6 Kc8 44. Kc6 Kb8 45. Kb6 a5 46. bxa5 h5 47. h4 Ka8 48. c5 Kb8 49. c6 1-0

[Event "Reunion op 08th"]
[Site "Etang Sale"]
[Date "2006.10.19"]
[Round "6"]
[White "Collell, Philippe"]
[Black "Belazzoug, Farid"]
[Result "1-0"]
[WhiteElo "1800"]
[BlackElo "1430"]
[PlyCount "57"]
[EventDate "2006.10.14"]
[EventType "swiss"]
[EventRounds "9"]
[EventCountry "FRA"]
[SourceTitle "EXT 2007"]
[Source "ChessBase"]
[SourceDate "2006.11.23"]
[SourceVersion "1"]
[SourceVersionDate "2006.11.23"]
[SourceQuality "1"]

1. e4 e6 2. d4 d5 3. Nd2 dxe4 4. Nxe4 Nd7 5. Bd3 Ngf6 6. Nf3 Nxe4 7. Bxe4 Nf6 8. Bg5 Be7 9. Bd3 b6 10. Ne5 0-0 11. Qf3 Bd7 12. Qh3 g6 13. Qh4 Nd5 14. Bxe7 Qxe7 15. Qxe7 Nxe7 16. Nxd7 Rfd8 17. Nf6+ Kg7 18. Ne4 Rxd4 19. 0-0-0 Rad8 20. h4 Nf5 21. g4 Nh6 22. f3 Ng8 23. g5 f6 24. gxf6+ Nxf6 25. Ng5 R8d6 26. Be2 e5 27. Rxd4 Rxd4 28. Ne6+ Kf7 29. Nxd4 1-0

[Event "Reunion op 08th"]
[Site "Etang Sale"]
[Date "2006.10.18"]
[Round "5"]
[White "Blard, Jacky"]
[Black "Collell, Philippe"]
[Result "1-0"]
[WhiteElo "1500"]
[BlackElo "1800"]
[PlyCount "46"]
[EventDate "2006.10.14"]
[EventType "swiss"]
[EventRounds "9"]
[EventCountry "FRA"]
[SourceTitle "EXT 2007"]
[Source "ChessBase"]
[SourceDate "2006.11.23"]
[SourceVersion "1"]
[SourceVersionDate "2006.11.23"]
[SourceQuality "1"]

1. e4 d5 2. exd5 Qxd5 3. Nc3 Qa5 4. d4 e5 5. Nf3 Bg4 6. Bd2 c6 7. Be2 Nd7 8. h3 Bxf3 9. Bxf3 exd4 10. Ne4 Qe5 11. 0-0 0-0-0 12. Re1 Qc7 13. a4 Ngf6 14. b4 Ne5 15. b5 d3 16. c3 Nxf3+ 17. Qxf3 Nxe4 18. Rxe4 Bd6 19. bxc6 Qxc6 20. Qg4+ Kb8 21. Rc4 Qd7 22. Qf3 Rhe8 23. Rb1 Re2 1-0

[Event "Reunion op 08th"]
[Site "Etang Sale"]
[Date "2006.10.15"]
[Round "3"]
[White "Toulier, Serge"]
[Black "Collell, Philippe"]
[Result "0-1"]
[WhiteElo "1480"]
[BlackElo "1800"]
[PlyCount "82"]
[EventDate "2006.10.14"]
[EventType "swiss"]
[EventRounds "9"]
[EventCountry "FRA"]
[SourceTitle "EXT 2007"]
[Source "ChessBase"]
[SourceDate "2006.11.23"]
[SourceVersion "1"]
[SourceVersionDate "2006.11.23"]
[SourceQuality "1"]

1. e4 Nc6 2. Nf3 d5 3. exd5 Qxd5 4. Nc3 Qa5 5. Bc4 Bg4 6. d4 e6 7. 0-0 a6 8. Bd2 Qh5 9. Be2 Nf6 10. Bf4 0-0-0 11. Qd3 h6 12. Qe3 Nd5 13. Nxd5 Rxd5 14. h3 g5 15. Be5 Nxe5 16. dxe5 Bc5 17. hxg4 Qg6 18. Bd3 f5 19. exf6 Qxf6 20. Qe4 Re8 21. Qg6 Qd8 22. Qxh6 Kb8 23. Bc4 Rh8 24. Qg7 Rd7 25. Qxg5 Qf8 26. Bxe6 Rdh7 27. Qh5 Rxh5 28. gxh5 Rxh5 29. Nh2 Qd6 30. Bh3 Qg6 31. Ng4 Rg5 32. c3 Bd6 33. f3 Bc5+ 34. Kh1 Rh5 35. Rac1 Qh7 36. Nf2 Qh6 37. Rc2 Qg6 38. Re2 Qg3 39. Ne4 Rxh3+ 40. gxh3 Qxh3+ 41. Rh2 Qxf1# 0-1

[Event "Reunion-ch"]
[Site "Reunion"]
[Date "2005.11.27"]
[Round "2"]
[White "Collell, Philippe"]
[Black "Gretry, Patrice"]
[Result "0-1"]
[WhiteElo "1580"]
[BlackElo "2073"]
[PlyCount "78"]
[EventDate "2005.11.26"]
[EventType "swiss"]
[EventRounds "9"]
[EventCountry "RUF"]
[SourceTitle "EXT 2008"]
[Source "ChessBase"]
[SourceDate "2007.11.25"]
[SourceVersion "1"]
[SourceVersionDate "2007.11.25"]
[SourceQuality "1"]

1. e4 a6 2. d4 b5 3. Nf3 Bb7 4. Bd3 g6 5. Bf4 Bg7 6. Nbd2 c5 7. c3 d6 8. 0-0 Nd7 9. Re1 e5 10. Bg3 Ne7 11. Rc1 0-0 12. Nf1 Qb6 13. dxe5 dxe5 14. h3 Rad8 15. Qc2 Nc6 16. Ng5 Bh6 17. Bh4 c4 18. Be2 f6 19. Ne6 Bxc1 20. Qxc1 Nc5 21. Qe3 Na4 22. Qh6 Rf7 23. Nxd8 Nxd8 24. Qd2 Ne6 25. Bf3 Nac5 26. Ng3 Nd3 27. Rd1 g5 28. Nf5 gxh4 29. Nh6+ Kg7 30. Nxf7 Kxf7 31. Qh6 Qxf2+ 32. Kh1 Ng5 33. Qh5+ Kg7 34. Qg4 Bc6 35. Be2 Bxe4 36. Qd7+ Kh6 37. Qg4 Qg3 38. Rf1 Bxg2+ 39. Kg1 Nxh3+ 0-1